000 00297nam a2200133Ia 4500
008 230312s9999||||xx |||||||||||||| ||und||
082 _a346.549
_bSAE-C
100 _aSaeed;khawaja,amjad
245 0 _aCompany law in pakistan
260 _aPK
_c2012
300 _a446
650 _aLaw
942 _cBK
999 _c2545
_d2545